<?xml version="1.0" encoding="UTF-8"?>
<record
    xmlns:xsi="http://www.w3.org/2001/XMLSchema-instance"
    xsi:schemaLocation="http://www.loc.gov/MARC21/slim http://www.loc.gov/standards/marcxml/schema/MARC21slim.xsd"
    xmlns="http://www.loc.gov/MARC21/slim">

  <leader>00853nam a22002177a 4500</leader>
  <controlfield tag="005">20220517115801.0</controlfield>
  <controlfield tag="008">220517b           sp ||||| |||| 00| 0 spa d</controlfield>
  <datafield tag="020" ind1=" " ind2=" ">
    <subfield code="a">9788415963059</subfield>
  </datafield>
  <datafield tag="050" ind1="0" ind2="4">
    <subfield code="a"> DP214.5</subfield>
    <subfield code="b">F84 2014</subfield>
  </datafield>
  <datafield tag="245" ind1="1" ind2="0">
    <subfield code="a">Amazonas de la libertad : </subfield>
    <subfield code="b">mujeres liberales contra Fernando VII</subfield>
    <subfield code="c">/ Juan Francisco Fuentes, Pilar Gar&#xED;</subfield>
  </datafield>
  <datafield tag="250" ind1=" " ind2=" ">
    <subfield code="a">1a ed.</subfield>
  </datafield>
  <datafield tag="260" ind1=" " ind2=" ">
    <subfield code="a">Madrid, Espa&#xF1;a :</subfield>
    <subfield code="b">Marcial Pons,</subfield>
    <subfield code="c">2014.</subfield>
  </datafield>
  <datafield tag="300" ind1=" " ind2=" ">
    <subfield code="a">426 p. ;</subfield>
    <subfield code="c">22 cm.</subfield>
  </datafield>
  <datafield tag="490" ind1=" " ind2=" ">
    <subfield code="a">Marcial Pons historia. Estudios</subfield>
  </datafield>
  <datafield tag="504" ind1=" " ind2=" ">
    <subfield code="a">Incluye referencias bibliogr&#xE1;ficas (p. [395]-412) e &#xED;ndice.</subfield>
  </datafield>
  <datafield tag="650" ind1=" " ind2="7">
    <subfield code="2">Lemb </subfield>
    <subfield code="a">Mujeres</subfield>
    <subfield code="x">Actividad pol&#xED;tica</subfield>
    <subfield code="x">Historia </subfield>
    <subfield code="y">Siglo XIX</subfield>
    <subfield code="z">Espa&#xF1;a </subfield>
  </datafield>
  <datafield tag="650" ind1=" " ind2="7">
    <subfield code="2">Lemb </subfield>
    <subfield code="a">Liberalismo</subfield>
    <subfield code="x">Historia </subfield>
    <subfield code="y">Siglo XIX</subfield>
    <subfield code="z">Espa&#xF1;a </subfield>
  </datafield>
  <datafield tag="651" ind1=" " ind2="7">
    <subfield code="2">Lemb </subfield>
    <subfield code="a">Espa&#xF1;a </subfield>
    <subfield code="x">Historia </subfield>
    <subfield code="y">1813-1833 (Fernando VII)</subfield>
  </datafield>
  <datafield tag="700" ind1="1" ind2=" ">
    <subfield code="a">Gar&#xED;, Pilar.</subfield>
    <subfield code="e">coautora. </subfield>
  </datafield>
  <datafield tag="942" ind1=" " ind2=" ">
    <subfield code="2">lcc</subfield>
    <subfield code="c">LIB</subfield>
  </datafield>
  <datafield tag="999" ind1=" " ind2=" ">
    <subfield code="c">162029</subfield>
    <subfield code="d">162027</subfield>
  </datafield>
  <datafield tag="952" ind1=" " ind2=" ">
    <subfield code="1">0</subfield>
    <subfield code="2">lcc</subfield>
    <subfield code="4">0</subfield>
    <subfield code="7">0</subfield>
    <subfield code="a">INV-033</subfield>
    <subfield code="b">INV-033</subfield>
    <subfield code="c">GENERAL</subfield>
    <subfield code="d">2022-05-17</subfield>
    <subfield code="f">1a ed. </subfield>
    <subfield code="k">EH</subfield>
    <subfield code="o">DP214.5 F84 2014</subfield>
    <subfield code="p">IIH000032594</subfield>
    <subfield code="r">2022-05-17 00:00:00</subfield>
    <subfield code="t">C:1</subfield>
    <subfield code="v">1.00</subfield>
    <subfield code="y">LIB</subfield>
  </datafield>
</record>
